000 01077nam a2200253 a 4500
003 BLK
005 20230718091647.0
008 220815|2011 nyu r 000 | eng d
020 _a9780061774560
040 _cBLK
041 _aENG
_cENG
080 _aПарапсихология. Нумерология. - Халюцинации, пророчества, предсказания, магии, демонология, телепатия, спиритизъм, илюзии, нумерология, мошеничество. Вж и 133 ; 398.4 ; 615.851
_b159.961
_z159.96
100 _aSurya Das,
_cLama,
_9479334
_eпърви авт.
139 _aSurya Das,
_bS 94
245 1 0 _aBuddha standard time :
_bawakening to the infinite possibilities of now /
_cLama Surya Das.
260 _aNew York, NY :
_bHarperOne,
_c2011.
300 _a214 p. ;
_c24 cm.
380 _a0
650 7 _aБудизъм
_9149253
650 0 _aМедитация - популярна литература
_9291274
942 _cKNG
_n0
_s1
944 _aCR
_c2022-08-15
_k30529
_lДиана Гривева
999 _c470373
_d470373
999 _d470373